000 00953nam a2200265Ia 4500
003 OSt
005 20221005112032.0
006 a|||||r|||| 00| 0
007 ta
008 221004b |||||||| |||| 00| 0 san d
020 _c500
024 _a13893
037 _b237, 17/12/2013, Eastern Book Linkers
_cTextual
040 _aCRL
_cCRL
_bsan
041 _2san
_asan
082 _aO151,1D40,2, 152P6
100 _aपाण्डेय, हरिशंकर
245 0 _aसेउवहं महाकव्वं
246 _aSeuvahan mahākavvan
260 _aवाराणसी
_bशारदा संस्कृत संस्थान भारत
_c2006
300 _a456पृ0
_ccm.
650 _aसंस्कृत साहित्य
942 _hO151,1D40,2, 152P6
_cTEXL
_2cc
999 _c1023632
_d1023632